BUBT Library Online Catalog

নির্বাচিত গল্প (Record no. 3888)

000 -LEADER
fixed length control field 00506nam a2200157Ia 4500
008 - FIXED-LENGTH DATA ELEMENTS--GENERAL INFORMATION
fixed length control field 151213s9999 xx 000 0 und d
020 ## - INTERNATIONAL STANDARD BOOK NUMBER
International Standard Book Number 984-32-3077-9
100 ## - MAIN ENTRY--PERSONAL NAME
Personal name আবুল আজাদ
245 ## - TITLE STATEMENT
Title নির্বাচিত গল্প
Statement of responsibility, etc. আবুল আজাদ
260 ## - PUBLICATION, DISTRIBUTION, ETC. (IMPRINT)
Place of publication, distribution, etc. ঢাকা
Name of publisher, distributor, etc. স্বরাজ প্রকাশনী
Date of publication, distribution, etc. 2006
300 ## - PHYSICAL DESCRIPTION
Extent 7318 p.
650 ## - SUBJECT ADDED ENTRY--TOPICAL TERM
Topical term or geographic name as entry element Bangla
650 ## - SUBJECT ADDED ENTRY--TOPICAL TERM
Topical term or geographic name as entry element বাংলা সাহিত্য
700 ## - ADDED ENTRY--PERSONAL NAME
Personal name আবুল আজাদ

No items available.

More Information About Library

Library Hours

  • Open: 9.00 am. to 9.00 pm.
  • Only Sunday: 9.00 am. to 6.00 pm.
  • Closed: Holiday

Contact to the University

Bangladesh University of Business and Technology Library

  • Mirpurl-2, 1216.
  • Phone:
  • Fax:
  • E-Mail: admin.library@bubt.edu.bd

Contact to the Library

Contact Person:

Md. Abdul Hakim Shah
Joint Librarian
PABX No:  113
Cell No: 01816332931
E-mail: official: admin.library@bubt.edu.bd
Personal: hakim.shah@bubt.edu.bd


BUBT Library

Copyright © 2021